Statics study pack : chapter reviews, free body diagram workbook, problems website
Αποθηκεύτηκε σε:
| Κύριος συγγραφέας: | |
|---|---|
| Άλλοι συγγραφείς: | |
| Μορφή: | Βιβλίο |
| Γλώσσα: | English |
| Δημοσίευση: |
Upper Saddle River, N.J. :
Pearson/Prentice Hall,
c2004.
|
| Θέματα: | |
| Ετικέτες: |
Προσθήκη ετικέτας
Δεν υπάρχουν, Καταχωρήστε ετικέτα πρώτοι!
|
MARC
| LEADER | 00000cam a2200000 i 4500 | ||
|---|---|---|---|
| 001 | 1/44114 | ||
| 008 | 070510s2004 nju| ||| |||| ||eng|| | ||
| 020 | |a 0131412094 | ||
| 035 | |l 10087778 | ||
| 040 | |a GR-MyUa |b gre |e AACR2 | ||
| 041 | 0 | |a eng | |
| 082 | 7 | |a 620.103 |2 (22) | |
| 100 | 1 | |a Schiavone, Peter, |d 1961- | |
| 245 | 1 | 0 | |a Statics study pack : |b chapter reviews, free body diagram workbook, problems website / |c Peter Schiavone. |
| 260 | |a Upper Saddle River, N.J. : |b Pearson/Prentice Hall, |c c2004. | ||
| 300 | |a xvi, 144 σ. : |b εικ. ; |c 24 εκ. | ||
| 500 | |a Το παρόν αποτελεί συμπλήρωμα του Engineering mechanics. Statics / R.C. Hibbeler. - 10th ed. | ||
| 500 | |a Περιλαμβάνει κωδικό πρόσβασης για την παρακάτω ιστοσελίδα: www.prenhall.com/hibbeler | ||
| 650 | 0 | |a Statics. | |
| 700 | 1 | |a Hibbeler, R. C. |t Engineering mechanics. Statics. |s 10th ed. | |
| 852 | |a INST |b SYROS |e 20070510 |h 620.103 SCH |p 005500007392 |q 005500007392 |t BK |y 0 | ||
| 901 | |a BIBL5-2007-2 | ||
| 922 | |a 5ΕΛΗ |b 200610 |c Βιβλιοθήκη Σύρου |d Glory Book | ||
| 970 | |a Καγιαβά |b Ειρήνη |z 10/05/2007 | ||